000
00304nam a22001337a 4500
008
170526b xxu||||| |||| 00| 0 eng d
020
_a
3528540907
041
_a
GER
080
_a
621.38
100
_a
25
101
_a
IM
245
_a
ELEMNTE DER ANGEWANDTEM ELEKTRONIK
_c
BOHMER.E
942
_2
udc
_c
BK
999
_c
14362
_d
14362